Music Quiz

Random Music Quiz
Score 0/16 Timer 07:00
0 Plays Today
All Years From Teenage Dream and Other Albums % Correct
teenage dream
91.9%
i kissed a girl
61.4%
hot n cold
55.7%
california girls
45.5%
last friday night
44.7%
peacock
42.7%
waking up in vegas
39%
one of the boys
32.9%
All Years From Teenage Dream and Other Albums % Correct
ur so gay
32.5%
thinking of you
32.1%
fireworks
22.4%
circle the drain
22%
hummingbird heartbeat
21.1%
mannequin
18.7%
lost
14.6%
if you can afford me
10.6%
Remove Ads.
Support Sporcle.
Get the best of Sporcle when you Go Orange. This ad-free experience offers more features, more stats, and more fun while also helping to support Sporcle. Thank you for becoming a member.

You're not logged in!

Compare scores with friends on all Sporcle quizzes.
OR
Log In

Show Comments

Extras

Created Mar 7, 2011ReportNominate
Tags:Katy Perry

Top Quizzes Today


Score Distribution

Your Account Isn't Verified!

In order to create a playlist on Sporcle, you need to verify the email address you used during registration. Go to your Sporcle Settings to finish the process.

Report this User

Report this user for behavior that violates our Community Guidelines.

Details: